000
00357nam a2200145Ia 4500
008
151213s9999 xx 000 0 und d
100
_a
Evely Waugh
245
_a
The Ordeal of Gilbert Rinfold
_c
Evely Waugh
250
_a
1st
260
_a
London
_b
Penguing Books
_c
1962
300
_a
4599 p.
650
_a
Reference
700
_a
Evely Waugh
999
_c
2957
_d
2957